LIBRARY & INFORMATION CENTRE, KCAET, TAVANUR

ONLINE PUBLIC ACCESS CATALOGUE (OPAC)

Two hundred profitable chemical industries / (Record no. 7936)

MARC details
000 -LEADER
fixed length control field 00385cam a2200145ua 4500
003 - CONTROL NUMBER IDENTIFIER
control field OSt
008 - FIXED-LENGTH DATA ELEMENTS--GENERAL INFORMATION
fixed length control field 240203b |||||||| |||| 00| 0 eng d
041 ## - LANGUAGE CODE
Language code of text/sound track or separate title eng
082 ## - DEWEY DECIMAL CLASSIFICATION NUMBER
Classification number 660.281
Item number MAD/PR
100 ## - MAIN ENTRY--AUTHOR NAME
Personal name Madan, Lal .
245 ## - TITLE STATEMENT
Title Two hundred profitable chemical industries /
260 ## - PUBLICATION, DISTRIBUTION, ETC. (IMPRINT)
Place of publication Delhi :
Name of publisher Small Industry Research Institute ,
Year of publication 1974.
300 ## - PHYSICAL DESCRIPTION
Number of Pages 200 ; .
942 ## - ADDED ENTRY ELEMENTS (KOHA)
Koha item type Books
Holdings
Withdrawn status Lost status Damaged status Home library Current library Shelving location Date acquired Full call number Accession Number Koha item type
      KAUAET KAUAET General Stacks 07/04/2012 660.281 MAD/PR 20293 Books
free website counter